[Event "NOR-ch North Mester"]
[Site "Alta"]
[Date "2022.06.05"]
[Round "4"]
[White "Malin, Odd Gunnar"]
[Black "Burchard, Ingar Berg"]
[Result "1/2-1/2"]
[WhiteElo "1717"]
[BlackElo "1671"]
[PlyCount "47"]
[EventDate "2022.06.03"]
[EventType "swiss"]
[EventRounds "6"]
[EventCountry "NOR"]
[SourceTitle "CBM 208 Extra"]
[Source "ChessBase"]
[SourceDate "2022.07.31"]
[SourceVersion "1"]
[SourceVersionDate "2022.07.31"]
[SourceQuality "1"]

1. e4 e6 2. d4 d5 3. Nd2 c5 4. Ngf3 Nc6 5. exd5 exd5 6. Bb5 a6 7. Be2 cxd4 8. 0-0 Bd6 9. Nb3 h6 10. Re1 Nge7 11. Nbxd4 0-0 12. c3 Nf5 13. Nxf5 Bxf5 14. Be3 Re8 15. Qd2 Be4 16. Bf4 Re6 17. Bxd6 Qxd6 18. Nd4 Nxd4 19. Qxd4 Rae8 20. Bd3 Bxd3 21. Rxe6 Qxe6 22. Qxd3 Qe2 23. Qxe2 Rxe2 24. Rb1 1/2-1/2

[Event "NOR-ch North Mester"]
[Site "Alta"]
[Date "2022.06.03"]
[Round "6"]
[White "Brasoy, Aksel"]
[Black "Malin, Odd Gunnar"]
[Result "1-0"]
[WhiteElo "1878"]
[BlackElo "1717"]
[PlyCount "62"]
[EventDate "2022.06.03"]
[EventType "swiss"]
[EventRounds "6"]
[EventCountry "NOR"]
[SourceTitle "EXT 2024"]
[Source "ChessBase"]
[SourceDate "2023.10.10"]
[SourceVersion "1"]
[SourceVersionDate "2023.10.10"]
[SourceQuality "1"]

1. d4 Nf6 2. c4 b6 3. Nc3 Bb7 4. d5 e6 5. a3 Bd6 6. Nf3 0-0 7. e4 exd5 8. exd5 Re8+ 9. Be2 h6 10. 0-0 c6 11. Nd4 Na6 12. Bf3 cxd5 13. cxd5 Be5 14. Nf5 d6 15. Bd2 Qd7 16. Ne3 Nc7 17. Qb3 Bxc3 18. Bxc3 Ne4 19. Rfd1 Nxc3 20. Qxc3 f5 21. g3 Qf7 22. Qb4 Rad8 23. Rac1 Re5 24. Qh4 Rd7 25. Qc4 g6 26. b4 Ne8 27. b5 Nf6 28. Rd4 Qe7 29. Qb3 Rc7 30. Rdc4 Rxc4 31. Rxc4 Nxd5 1-0

[Event "Vadso CC-ch"]
[Site "Vadso"]
[Date "2012.02.22"]
[Round "3"]
[White "Malin, Odd Gunnar"]
[Black "Laitamaa, Melker"]
[Result "1-0"]
[WhiteElo "1591"]
[BlackElo "1125"]
[PlyCount "111"]
[EventDate "2012.02.08"]
[EventType "tourn"]
[EventRounds "6"]
[EventCountry "NOR"]
[SourceTitle "EXT 2024"]
[Source "ChessBase"]
[SourceDate "2023.10.10"]
[SourceVersion "1"]
[SourceVersionDate "2023.10.10"]
[SourceQuality "1"]

1. d4 b6 2. e4 Bb7 3. Nc3 e6 4. Nf3 Bb4 5. Bd3 Nf6 6. Bg5 h6 7. Bxf6 Qxf6 8. 0-0 g5 9. Nb5 Qd8 10. Ne5 a6 11. Qh5 Rf8 12. Nc3 Bxc3 13. bxc3 d6 14. Ng4 Rh8 15. f4 Nd7 16. e5 dxe5 17. fxe5 Qe7 18. Nf6+ Nxf6 19. Rxf6 0-0-0 20. Rxf7 Qa3 21. Qg4 Qxc3 22. Qxe6+ Kb8 23. Raf1 Qxd4+ 24. Kh1 Bd5 25. Qe7 Bxf7 26. Rxf7 Qa1+ 27. Bf1 Rc8 28. e6 Rhe8 29. Qd7 Qxa2 30. c4 Qa3 31. e7 Qd6 32. Qf5 Rxe7 33. Rf6 Qe5 34. Qf3 h5 35. c5 Re6 36. Rf5 Qe4 37. Qf2 Qe1 38. Qb2 b5 39. Qa2 Rd8 40. Qa3 Rd1 41. Rf8+ Ka7 42. Qf3 Re8 43. Rf7 Kb8 44. h3 g4 45. Qc6 Re7 46. Rf8+ Re8 47. Rxe8+ Qxe8 48. Qxe8+ Kb7 49. Qe4+ Kb8 50. Qe2 Ra1 51. hxg4 hxg4 52. Kh2 b4 53. Qe8+ Kb7 54. Bc4 a5 55. Qb5+ Kc8 56. Be6+ 1-0

[Event "Vadso Autumn"]
[Site "Vadso"]
[Date "2011.11.23"]
[Round "7"]
[White "Malin, Odd Gunnar"]
[Black "Esbensen, Hans Fredrik"]
[Result "1-0"]
[WhiteElo "1591"]
[BlackElo "1483"]
[PlyCount "79"]
[EventDate "2011.09.28"]
[EventType "tourn"]
[EventRounds "6"]
[EventCountry "NOR"]
[SourceTitle "EXT 2024"]
[Source "ChessBase"]
[SourceDate "2023.10.10"]
[SourceVersion "1"]
[SourceVersionDate "2023.10.10"]
[SourceQuality "1"]

1. e4 g6 2. d4 Bg7 3. Nc3 Nc6 4. Be3 e5 5. d5 Nce7 6. Qd2 d6 7. f3 f5 8. 0-0-0 f4 9. Bf2 a6 10. g4 fxg3 11. hxg3 h5 12. Be3 Bd7 13. Bh3 b5 14. Bxd7+ Qxd7 15. Nh3 b4 16. Ne2 Qb5 17. Ng5 Bh6 18. Ne6 Kd7 19. Bxh6 Nxh6 20. Kb1 Nf7 21. f4 a5 22. Nc1 a4 23. Nd3 b3 24. a3 Qc4 25. Rhe1 Rhb8 26. c3 Rh8 27. fxe5 h4 28. Qf4 hxg3 29. Qxf7 g2 30. Nf2 Rh1 31. Nf8+ Kd8 32. exd6 cxd6 33. Nxh1 gxh1Q 34. Rxh1 Qxe4+ 35. Ka1 Ra5 36. Qe6 Qxe6 37. Nxe6+ Kd7 38. Rhe1 Nxd5 39. Nf8+ Kc6 40. Nxg6 1-0

[Event "Hostmesterskap"]
[Site "Vadso"]
[Date "2007.09.27"]
[Round "3"]
[White "Esbensen, Hans Fredrik"]
[Black "Malin, Odd Gunnar"]
[Result "1/2-1/2"]
[WhiteElo "1446"]
[BlackElo "1563"]
[PlyCount "96"]
[EventDate "2007.??.??"]
[EventType "swiss"]
[EventRounds "6"]
[EventCountry "NOR"]
[SourceTitle "EXT 2010"]
[Source "ChessBase"]
[SourceDate "2010.11.25"]
[SourceVersion "1"]
[SourceVersionDate "2010.11.25"]
[SourceQuality "1"]

1. Nf3 c5 2. e3 g6 3. d4 cxd4 4. exd4 d5 5. Bf4 Bg7 6. Be2 Nc6 7. 0-0 Nf6 8. c4 0-0 9. Nc3 a6 10. Rc1 Bg4 11. cxd5 Nxd5 12. Nxd5 Qxd5 13. Be5 Qxa2 14. Bxg7 Kxg7 15. d5 Rad8 16. Bc4 Qxb2 17. Bxa6 bxa6 18. Rxc6 Rd6 19. h3 Bxf3 20. Qxf3 Rfd8 21. Re1 Rf6 22. Rxf6 Qxf6 23. Qe4 Kf8 24. Rc1 Rd6 25. Rc8+ Kg7 26. Rc6 a5 27. f4 h6 28. g4 Kf8 29. Rc8+ Kg7 30. Rc5 Qa1+ 31. Kf2 e6 32. Rxa5 exd5 33. Rxa1 dxe4 34. Ke3 f5 35. Ra2 Rd3+ 36. Ke2 Rxh3 37. Ra7+ Kg8 38. gxf5 gxf5 39. Ra5 Rh5 40. Ra7 Rh4 41. Ke3 Rh3+ 42. Kd4 e3 43. Re7 Kf8 44. Re5 Kg7 45. Rxf5 Rf3 46. Re5 Kf6 47. Ke4 Rg3 48. Kd3 Rf3 1/2-1/2

[Event "Finnmark-ch"]
[Site "Karasjok"]
[Date "2007.05.13"]
[Round "5"]
[White "Malin, Odd Gunnar"]
[Black "Romsdal, Jorn"]
[Result "1-0"]
[WhiteElo "1551"]
[BlackElo "1359"]
[PlyCount "99"]
[EventDate "2007.05.11"]
[EventType "swiss"]
[EventRounds "5"]
[EventCountry "NOR"]
[SourceTitle "EXT 2010"]
[Source "ChessBase"]
[SourceDate "2010.11.25"]
[SourceVersion "1"]
[SourceVersionDate "2010.11.25"]
[SourceQuality "1"]

1. Nf3 Nf6 2. c4 g6 3. Nc3 Bg7 4. e4 d6 5. d4 Nbd7 6. Be2 0-0 7. 0-0 c6 8. Ne1 e5 9. d5 Nc5 10. Qc2 Qb6 11. Be3 Qc7 12. b4 Ncd7 13. Rd1 cxd5 14. Nb5 Qd8 15. cxd5 Nb6 16. f3 Bd7 17. Qb2 Bxb5 18. Bxb5 a6 19. Bd3 Rc8 20. Rc1 Nfd7 21. Qd2 f5 22. b5 Nc5 23. Bxc5 Rxc5 24. Rxc5 dxc5 25. bxa6 c4 26. Be2 bxa6 27. Qa5 Qc7 28. Nc2 Rc8 29. Nb4 Qc5+ 30. Qxc5 Rxc5 31. Nxa6 Ra5 32. Nb4 Bf8 33. Rb1 Bc5+ 34. Kf1 Ra4 35. Nc6 Rxa2 36. d6 Rd2 37. Na5 c3 38. Rc1 c2 39. Nb3 Rxd6 40. Nxc5 Rc6 41. Nd3 Nc4 42. Ke1 Ne3 43. Kd2 f4 44. g3 Rd6 45. gxf4 exf4 46. Kc3 Rc6+ 47. Kd4 Rc4+ 48. Ke5 Ra4 49. Kxf4 Nd5+ 50. Kg3 1-0

[Event "Finnmark-ch"]
[Site "Karasjok"]
[Date "2007.05.13"]
[Round "4"]
[White "Solberg, Joachim Krokvik"]
[Black "Malin, Odd Gunnar"]
[Result "1-0"]
[WhiteElo "2118"]
[BlackElo "1551"]
[PlyCount "61"]
[EventDate "2007.05.11"]
[EventType "swiss"]
[EventRounds "5"]
[EventCountry "NOR"]
[SourceTitle "EXT 2010"]
[Source "ChessBase"]
[SourceDate "2010.11.25"]
[SourceVersion "1"]
[SourceVersionDate "2010.11.25"]
[SourceQuality "1"]

1. Nc3 c5 2. e4 g6 3. f4 Bg7 4. Bc4 Nc6 5. a4 a6 6. Nf3 e6 7. e5 d5 8. exd6 Qxd6 9. d3 Nf6 10. 0-0 0-0 11. Qe1 Nd4 12. Nxd4 cxd4 13. Ne4 Nxe4 14. dxe4 e5 15. f5 gxf5 16. exf5 Qf6 17. Qg3 h6 18. Qg4 Bd7 19. Bd5 Bc6 20. Bxc6 bxc6 21. Ra3 Kh7 22. Rh3 Rg8 23. Qe4 Bf8 24. g4 Rd8 25. g5 d3 26. Kh1 Rxg5 27. Bxg5 Qxg5 28. f6+ Kh8 29. Rg3 Qd2 30. Rfg1 Bc5 31. Rg7 1-0

[Event "Finnmark-ch"]
[Site "Karasjok"]
[Date "2007.05.12"]
[Round "2"]
[White "Olsen, Rolf A"]
[Black "Malin, Odd Gunnar"]
[Result "0-1"]
[WhiteElo "1213"]
[BlackElo "1551"]
[PlyCount "88"]
[EventDate "2007.05.11"]
[EventType "swiss"]
[EventRounds "5"]
[EventCountry "NOR"]
[SourceTitle "EXT 2010"]
[Source "ChessBase"]
[SourceDate "2010.11.25"]
[SourceVersion "1"]
[SourceVersionDate "2010.11.25"]
[SourceQuality "1"]

1. e4 c5 2. f4 g6 3. Nf3 Bg7 4. c3 e6 5. Be2 Ne7 6. 0-0 0-0 7. d4 cxd4 8. cxd4 d5 9. e5 Nbc6 10. Nc3 Qb6 11. Na4 Qc7 12. Be3 Bd7 13. Rc1 Rac8 14. b4 Qb8 15. a3 Nf5 16. Bf2 Ncxd4 17. Rxc8 Nxf3+ 18. Bxf3 Rxc8 19. g4 Ne7 20. Bc5 Bf8 21. Bd6 Qa8 22. Nc5 Bb5 23. Rf2 b6 24. a4 bxc5 25. axb5 cxb4 26. Bxb4 Rc4 27. Qd2 Nc8 28. Bxf8 Kxf8 29. Be2 Rc7 30. Qb4+ Kg7 31. h4 Nb6 32. f5 Qd8 33. f6+ Kg8 34. h5 Nc4 35. hxg6 fxg6 36. Bxc4 dxc4 37. Rd2 Qf8 38. Rd6 c3 39. Qb3 c2 40. Qxe6+ Kh8 41. Rc6 c1Q+ 42. Rxc1 Rxc1+ 43. Kg2 Rc2+ 44. Kf1 Qa8 0-1

[Event "Kvonsjakken"]
[Site "Vadso"]
[Date "2007.03.29"]
[Round "7"]
[White "Odden, Jan Ove"]
[Black "Malin, Odd Gunnar"]
[Result "1/2-1/2"]
[WhiteElo "1554"]
[BlackElo "1551"]
[PlyCount "80"]
[EventDate "2007.??.??"]
[EventType "swiss"]
[EventRounds "8"]
[EventCountry "NOR"]
[SourceTitle "EXT 2010"]
[Source "ChessBase"]
[SourceDate "2010.11.25"]
[SourceVersion "1"]
[SourceVersionDate "2010.11.25"]
[SourceQuality "1"]

1. e4 c5 2. Nf3 g6 3. d4 cxd4 4. Nxd4 Nc6 5. Be3 Nf6 6. Nc3 Bg7 7. Bc4 0-0 8. f3 Qb6 9. Bb3 Nxe4 10. Na4 Qa5+ 11. c3 Nf6 12. 0-0 Nxd4 13. Bxd4 d6 14. Bc2 b5 15. b4 Qc7 16. Nb2 e5 17. Bf2 Qxc3 18. Nd3 Bf5 19. Rc1 Bh6 20. Ra1 Rac8 21. g4 Qxc2 22. gxf5 Qxd1 23. Rfxd1 gxf5 24. a4 a6 25. axb5 axb5 26. Ra6 Bg7 27. Rxd6 e4 28. Nc5 exf3 29. Rb6 Rfd8 30. Rxd8+ Rxd8 31. Bh4 Rd1+ 32. Kf2 Ng4+ 33. Kxf3 Rf1+ 34. Ke2 Rb1 35. Rb8+ Bf8 36. Be7 Rb2+ 37. Kd1 Kg7 38. Bxf8+ Kg6 39. h3 Ne3+ 40. Kc1 Rxb4 1/2-1/2

[Event "Klubbmesterskap"]
[Site "Vadso"]
[Date "2007.02.08"]
[Round "4"]
[White "Oldernes, Harald"]
[Black "Malin, Odd Gunnar"]
[Result "1-0"]
[WhiteElo "1265"]
[BlackElo "1551"]
[PlyCount "145"]
[EventDate "2007.??.??"]
[EventType "swiss"]
[EventRounds "6"]
[EventCountry "NOR"]
[SourceTitle "EXT 2010"]
[Source "ChessBase"]
[SourceDate "2010.11.25"]
[SourceVersion "1"]
[SourceVersionDate "2010.11.25"]
[SourceQuality "1"]

1. Nf3 c5 2. c4 g6 3. Nc3 Bg7 4. a3 Nf6 5. g3 0-0 6. Bg2 Nc6 7. e3 e5 8. d3 d6 9. 0-0 Bg4 10. Qc2 Qd7 11. Nd2 Bh3 12. Nd5 h5 13. Nxf6+ Bxf6 14. Ne4 Be7 15. Nc3 Rae8 16. Nd5 Bd8 17. b4 Bxg2 18. Kxg2 f5 19. f4 e4 20. h4 Re6 21. Bb2 Qf7 22. b5 Ne7 23. Qc3 Kh7 24. dxe4 fxe4 25. Nxe7 Bxe7 26. Qc2 Qf5 27. Rh1 Rd8 28. Rad1 d5 29. cxd5 Rxd5 30. Rxd5 Qxd5 31. Rd1 Qf5 32. Be5 a6 33. bxa6 Rxa6 34. a4 Rc6 35. Qd2 Re6 36. Qd5 b6 37. Rb1 Rd6 38. Qa2 Rc6 39. Qe2 Bf6 40. Bxf6 Qxf6 41. Rd1 Rd6 42. Rf1 Rd5 43. Rf2 Qd6 44. Qc2 Rd3 45. Re2 Qd5 46. Qb2 Rb3 47. Qf6 Qd7 48. Qe5 Rb4 49. a5 bxa5 50. Qxc5 Rb5 51. Qc2 Rb4 52. Rd2 Qb7 53. Qc5 Rb5 54. Qd6 Rb2 55. Rxb2 Qxb2+ 56. Kh3 Qb7 57. Qd4 Qa8 58. Qd7+ Kh6 59. g4 hxg4+ 60. Kxg4 Qf8 61. Kg3 Qc5 62. Qd2 a4 63. h5 gxh5 64. Kf2 a3 65. Qa2 Qd6 66. Kg3 Qe7 67. Qd5 Qg7+ 68. Kh2 h4 69. Qd6+ Kh5 70. Qxa3 Qg3+ 71. Kh1 h3 72. Qc5+ Kg4 73. Qg5+ 1-0

[Event "NOR-chT"]
[Site "Karasjok"]
[Date "2005.10.09"]
[Round "4"]
[White "Rotvold, Trygve"]
[Black "Malin, Odd Gunnar"]
[Result "0-1"]
[WhiteElo "1438"]
[BlackElo "1505"]
[PlyCount "86"]
[EventDate "2005.10.07"]
[EventType "team"]
[EventRounds "5"]
[EventCountry "NOR"]
[SourceTitle "EXT 2007"]
[Source "ChessBase"]
[SourceDate "2006.11.23"]
[SourceVersion "1"]
[SourceVersionDate "2006.11.23"]
[SourceQuality "1"]

1. d4 Nf6 2. c4 e6 3. Nc3 Bb4 4. Qc2 Nc6 5. Nf3 d6 6. a3 Bxc3+ 7. Qxc3 0-0 8. e3 Re8 9. Be2 e5 10. d5 Nb8 11. Bd2 a5 12. Qc2 Bg4 13. e4 a4 14. 0-0 Nbd7 15. Bg5 h6 16. Be3 b6 17. Rfe1 Nc5 18. Bxc5 bxc5 19. Nd2 Bd7 20. Reb1 Rb8 21. Bd1 Rb6 22. Qc3 Qa8 23. f3 Reb8 24. b3 axb3 25. Nxb3 Ba4 26. Nd2 Rxb1 27. Rxb1 Rxb1 28. Nxb1 Bxd1 29. Qb2 Ba4 30. Nc3 Bd7 31. Qb3 c6 32. a4 Ne8 33. Qb6 cxd5 34. exd5 Bxa4 35. Ne4 Bc2 36. Nxd6 Nxd6 37. Qxd6 Qa1+ 38. Kf2 Qd4+ 39. Kg3 Qf4+ 40. Kf2 Qd4+ 41. Kg3 Qf4+ 42. Kf2 Qh4+ 43. Kf1 Bd3+ 0-1

[Event "Vadso"]
[Site "Vadso"]
[Date "2005.02.03"]
[Round "3"]
[White "Malin, Odd Gunnar"]
[Black "Odden, Jan Ove"]
[Result "1-0"]
[WhiteElo "1471"]
[BlackElo "1619"]
[PlyCount "113"]
[EventDate "2005.01.13"]
[EventType "tourn"]
[EventRounds "10"]
[EventCountry "NOR"]
[SourceTitle "EXT 2008"]
[Source "ChessBase"]
[SourceDate "2007.11.25"]
[SourceVersion "1"]
[SourceVersionDate "2007.11.25"]
[SourceQuality "1"]

1. Nf3 Nf6 2. c4 e6 3. Nc3 Bb4 4. Qc2 0-0 5. e4 d5 6. cxd5 exd5 7. e5 Re8 8. Be2 Bxc3 9. bxc3 Ne4 10. d3 Nc5 11. Be3 Ne6 12. 0-0 c5 13. d4 Nc6 14. h4 cxd4 15. cxd4 Nf8 16. Rab1 f6 17. Bb5 Bg4 18. Bxc6 bxc6 19. exf6 Qxf6 20. Bg5 Qd6 21. Qc3 h6 22. Bc1 Bxf3 23. Qxf3 Re4 24. Rb7 Qe6 25. Ba3 Nh7 26. Re7 Qg6 27. Rxe4 dxe4 28. Qb3+ Qf7 29. Qxf7+ Kxf7 30. Rb1 Nf6 31. Rb7+ Ke6 32. Rxg7 Rb8 33. Rxa7 Ng4 34. g3 Rb1+ 35. Kg2 e3 36. Re7+ Kf5 37. fxe3 Ra1 38. e4+ Kg6 39. Re6+ Kf7 40. Re7+ Kf6 41. e5+ Kf5 42. Bc5 Rxa2+ 43. Kf1 Rf2+ 44. Kg1 Rc2 45. Rf7+ Ke6 46. Rf4 h5 47. Rf8 Kd5 48. Rf5 Ke4 49. Rxh5 Kf3 50. Rf5+ Kxg3 51. Rf8 Nxe5 52. Bd6 Rc1+ 53. Rf1 Rxf1+ 54. Kxf1 Kxh4 55. dxe5 Kg5 56. e6 Kf6 57. e7 1-0

[Event "Karasjok op1"]
[Site "Karasjok"]
[Date "2004.10.17"]
[Round "4"]
[White "Svendsen, Frank"]
[Black "Malin, Odd Gunnar"]
[Result "1/2-1/2"]
[WhiteElo "1888"]
[BlackElo "1496"]
[PlyCount "112"]
[EventDate "2004.10.15"]
[EventType "swiss"]
[EventRounds "5"]
[EventCountry "NOR"]
[SourceTitle "EXT 2008"]
[Source "ChessBase"]
[SourceDate "2007.11.25"]
[SourceVersion "1"]
[SourceVersionDate "2007.11.25"]
[SourceQuality "1"]

1. e4 c6 2. d4 d5 3. Nc3 dxe4 4. Nxe4 Nd7 5. Nf3 Ngf6 6. Ng3 e6 7. Bd3 Qc7 8. 0-0 Be7 9. Re1 0-0 10. Ne5 c5 11. c3 b6 12. Bg5 Bb7 13. Nxd7 Qxd7 14. dxc5 Qd5 15. Be4 Qxg5 16. Bxb7 Rad8 17. Qa4 Bxc5 18. b4 Qf4 19. Re2 a5 20. Qb5 axb4 21. cxb4 Qxb4 22. Qxb4 Bxb4 23. Rb1 Bc5 24. a4 Rd7 25. Bf3 Rfd8 26. Rc2 Rd2 27. Rxd2 Rxd2 28. Ne2 Kf8 29. Ra1 Ke7 30. Kf1 Kd6 31. g3 Rd3 32. Kg2 e5 33. Nc1 Rd2 34. Ra2 Rxa2 35. Nxa2 Nd5 36. Bd1 Ba3 37. Kf3 f5 38. Ke2 e4 39. Bb3 Bc5 40. Bc2 Ke5 41. h3 g5 42. Nc1 Nc3+ 43. Kf1 h6 44. Ne2 Nxe2 45. Kxe2 f4 46. g4 f3+ 47. Ke1 Kf4 48. Bb3 e3 49. fxe3+ Bxe3 50. Bd5 Kg3 51. Kf1 f2 52. Bf7 Kxh3 53. Be6 Kh4 54. Bd7 h5 55. gxh5 Kxh5 56. Bc6 Kh4 1/2-1/2

[Event "Karasjok op1"]
[Site "Karasjok"]
[Date "2004.10.16"]
[Round "3"]
[White "Malin, Odd Gunnar"]
[Black "Romsdal, Geir"]
[Result "0-1"]
[WhiteElo "1496"]
[BlackElo "1347"]
[PlyCount "82"]
[EventDate "2004.10.15"]
[EventType "swiss"]
[EventRounds "5"]
[EventCountry "NOR"]
[SourceTitle "EXT 2008"]
[Source "ChessBase"]
[SourceDate "2007.11.25"]
[SourceVersion "1"]
[SourceVersionDate "2007.11.25"]
[SourceQuality "1"]

1. Nf3 Nf6 2. c4 e6 3. Nc3 d5 4. d4 c6 5. Bg5 Nbd7 6. e3 Qa5 7. cxd5 Nxd5 8. Qc2 Bb4 9. Rc1 Qxa2 10. Bd3 Nxc3 11. bxc3 Qxc2 12. Rxc2 Bd6 13. 0-0 h6 14. Bh4 0-0 15. c4 b6 16. e4 e5 17. Ra2 exd4 18. Nxd4 Ne5 19. Be2 Bb7 20. Rfa1 a6 21. Nf5 Bc5 22. Be7 Bxe7 23. Nxe7+ Kh8 24. c5 b5 25. Nf5 Bc8 26. Nd6 Nd7 27. Bg4 Nxc5 28. Nxc8 Raxc8 29. Bxc8 Rxc8 30. Rc2 Na4 31. Rd1 b4 32. Ra1 b3 33. Rc4 c5 34. Rcxa4 a5 35. Rb4 c4 36. Rb5 a4 37. Kf1 c3 38. Rc1 Kh7 39. Ke2 b2 40. Rc2 a3 41. Kd3 a2 0-1

[Event "Vadso op"]
[Site "Vadso"]
[Date "2004.10.07"]
[Round "4"]
[White "Njaa, John Olav"]
[Black "Malin, Odd Gunnar"]
[Result "0-1"]
[WhiteElo "1483"]
[BlackElo "1496"]
[PlyCount "94"]
[EventDate "2004.09.09"]
[EventType "swiss"]
[EventRounds "6"]
[EventCountry "NOR"]
[SourceTitle "EXT 2008"]
[Source "ChessBase"]
[SourceDate "2007.11.25"]
[SourceVersion "1"]
[SourceVersionDate "2007.11.25"]
[SourceQuality "1"]

1. Nf3 Nf6 2. g3 d5 3. c4 c6 4. Bg2 Bg4 5. cxd5 cxd5 6. d4 Nc6 7. 0-0 e6 8. Bf4 Bd6 9. Nc3 Bxf4 10. gxf4 0-0 11. Ne5 Qb6 12. Nxc6 Qxc6 13. Rc1 Qd6 14. Qd2 a6 15. f3 Bh5 16. e4 Nd7 17. f5 exf5 18. Qg5 g6 19. Nxd5 f6 20. Qf4 Qxf4 21. Nxf4 fxe4 22. Nxh5 exf3 23. Bh3 f5 24. Rc7 Rfd8 25. Nf4 Nf6 26. Rxf3 Rxd4 27. Ne6 Rd6 28. Nc5 b6 29. Rd3 Rad8 30. Rxd6 Rxd6 31. Nb3 a5 32. a4 Ne4 33. Bf1 g5 34. Kg2 g4 35. Bc4+ Kh8 36. h3 h5 37. hxg4 hxg4 38. Bf7 f4 39. Bh5 f3+ 40. Kh2 g3+ 41. Kh3 g2 42. Rc1 Rh6 43. Rc8+ Kg7 44. Rc7+ Kf6 45. Rc6+ Kg5 46. Rxh6 Kxh6 47. Bxf3 g1Q 0-1

[Event "Vadso op"]
[Site "Vadso"]
[Date "2004.09.16"]
[Round "2"]
[White "Esbensen, Andreas"]
[Black "Malin, Odd Gunnar"]
[Result "1-0"]
[WhiteElo "1922"]
[BlackElo "1496"]
[PlyCount "77"]
[EventDate "2004.09.09"]
[EventType "swiss"]
[EventRounds "6"]
[EventCountry "NOR"]
[SourceTitle "EXT 2008"]
[Source "ChessBase"]
[SourceDate "2007.11.25"]
[SourceVersion "1"]
[SourceVersionDate "2007.11.25"]
[SourceQuality "1"]

1. e4 c6 2. d4 d5 3. f3 dxe4 4. fxe4 Nf6 5. Nc3 Bg4 6. Qd3 e6 7. Bg5 Qa5 8. Bd2 Qb6 9. Nf3 Nbd7 10. 0-0-0 0-0-0 11. Qc4 Qb4 12. Bg5 Qxc4 13. Bxc4 h6 14. Bh4 Be7 15. Rhf1 Rhe8 16. h3 Bh5 17. e5 Nd5 18. Bxe7 Rxe7 19. Nxd5 cxd5 20. Bd3 Bxf3 21. Rxf3 f5 22. g4 g6 23. Rg1 Nf8 24. Kd2 Nh7 25. gxf5 gxf5 26. h4 Nf8 27. Ke3 Rdd7 28. Rg8 Rf7 29. c4 Kc7 30. cxd5 Rxd5 31. Bc4 Rdd7 32. Rxf8 Rxf8 33. Bxe6 Rg7 34. Bxf5 Rg2 35. d5 Rxb2 36. d6+ Kd8 37. e6 Rxf5 38. Rxf5 Rb6 39. Rf8# 1-0